| 000 | 00665nam a22002177a 4500 | ||
|---|---|---|---|
| 999 |
_c16200 _d16200 |
||
| 003 | AR-CdUCM | ||
| 008 | 190401b ||||| |||| 00| 0 spa d | ||
| 040 |
_aMUNICIPALIDAD PROVINCIAL DEL CUSCO _cBIBLIOTECA MUNICIPAL DEL CUSCO |
||
| 082 |
_a818 / _bT98 |
||
| 100 |
_aTwain. Mark _9733 |
||
| 245 | _aLas aventuras de Tom Sawyer / | ||
| 260 |
_aEspaña : _bSalvat, _c1970. |
||
| 300 |
_a187 páginas ; _c20 cm. |
||
| 440 |
_aBiblioteca básica salvat de libros RTV _935493 |
||
| 505 | _aContenido :Tom Sawyer. | ||
| 650 |
_aLiteratura _9416 |
||
| 650 |
_aBiografías _9148 |
||
| 700 |
_aStrack, Ramón _935494 |
||
| 942 |
_2ddc _cLIBROS |
||
| 945 |
_arah _d02/05/2019 |
||